000 00814cam a2200205 4500
001 ABS66236
008 021211n2002 000 0 eng u
035 _a(Sirsi) u120731
100 _aRoe, M
245 _aMediation mapped out
260 _c2002
490 _aBuilding
_v267(8258) 8 November 2002, 58(1)
520 _aLooks at when mediation is appropriate. Suggests that in the future a lawyer should always help a client to settle, as if they do not raise the possibility of mediation early on, they may be open to criticism.
590 _aABS
650 _aMEDIATION
650 _aHURST V LEEMING
650 _aMANAGEMENT-DISPUTE AVOIDANCE, MANAGEMENT AND RESOLUTION-DISPUTE MANAGEMENT AND RESOLUTION-ALTERNATIVE DISPUTE RESOLUTION-ADJUDICATION
690 _aDispute resolution
_96236
942 _n0
999 _c71742
_d71742